random english words to italian pt 2 - Statistics

General Stats
  • This quiz has been taken 73 times
    44 since last reset
  • The average score is 23 of 97
Answer Stats
Italian English % Correct
birra beer
94%
luna moon
74%
finestra window
74%
sorella sister
68%
nord north
65%
spiaggia beach
58%
freddo cold
58%
famiglia family
55%
calcio football
55%
lui ha he has
55%
libro book
52%
lunatico lunatic
52%
mese month
52%
sud south
52%
hai you have
48%
veloce fast
45%
raramente rarely
45%
mare sea
45%
dolce sweet
45%
biblioteca library
42%
piccolo small
42%
primo/a first
39%
nonna grandmother
39%
ospedale hospital
39%
ho i have
39%
domanda question
39%
ho finito i finished
35%
sopra over/on/above
35%
scuola school
35%
il mondo the world
35%
giocare to play
32%
caldo warm
32%
incidente accident
29%
dopo after
29%
diciannove nineteen
29%
fuori outside
29%
comprare to buy
29%
ho avuto i have had
26%
ho dormito i slept
26%
vicino near
26%
lento slow
26%
a volte sometimes
26%
hanno they have
26%
prima before
23%
lontano far
23%
piede foot
23%
piangere to cry
23%
albero tree
23%
dietro behind
19%
ha spiegato he explained
19%
ginocchio knee
19%
maglione sweater
19%
noiso boring
16%
rispondo i answer
16%
spiego i explain
16%
vendere to sell
16%
hai finito you finished
16%
schiena back
13%
lui va he goes
13%
dentro inside
13%
nessuno nobody
13%
lei spiega she explains
13%
quindi so/next/then
13%
odiare to hate
13%
abbiamo partito we left
13%
tornare to return
10%
sei venuto you came
10%
spieghi you explain
10%
ha risposto he answered
6%
e venuto he came
6%
ha preso he took
6%
ho risposto i answered
6%
mi vesto i get dressed
6%
amaro bitter
3%
da mesi for months
3%
ha comprato he brought
3%
gamba leg (f)
3%
castana brown (hair,eyes)
0%
carote carrots (f)
0%
sicuramente definatley
0%
dito finger (m)
0%
forchetta fork (f)
0%
a meta mese halfway through the month
0%
salutare healthy
0%
lui riesce he can (r)
0%
ha letto he read (past)
0%
riesco i can (r)
0%
non ci riesco i can't do it
0%
mi annoio i get bored
0%
coltello knife (m)
0%
piatto plate (m)
0%
cortese polite
0%
zuppa soup (f)
0%
cartello the sign (m)
0%
riuscire to succeed/can
0%
scritta writing (f)
0%
leggi you read (present)
0%
No matching quizzes found
Score Distribution
Percent of People with Each Score
Percentile by Number Answered
Your Score History
You have not taken this quiz since the last reset